[Event "27th Keres Memorial 2018"]
[Site "Tallinn"]
[Date "2018.01.13"]
[Round "1.1"]
[White "Olde, Grete"]
[Black "Kovalenko, Igor"]
[Result "0-1"]
[WhiteElo "1927"]
[BlackElo "2713"]
[Annotator "TA"]
[PlyCount "58"]
[EventDate "2018.??.??"]
[EventType "swiss"]
[EventCountry "EST"]
[SourceTitle "playchess.com"]
[Source "ChessBase"]
[SourceQuality "1"]

{[%evp 22,58,41,0,14,-6,32,-15,0,-4,-8,-31,-38,-37,-25,-112,-98,-101,-89,-108,-83,-97,-79,-306,-316,-308,-284,-275,-289,-249,-249,-316,-316,-1185,-1256,-29982,-29982,-29989,-29990]} 1. e4 c5 2. Nc3 Nc6 3. g3 g6 4. Bg2 Bg7 5. d3 d6 6. f4 Nf6 7. Nf3 O-O 8. O-O Bg4 9. h3 Bxf3 10. Qxf3 Nd7 11. Be3 Rb8 12. g4 b5 {[%cal Bb7b5,Bb5b4][%mdl 32] B25: Sizilianisch (Geschlossenes System)} (12... Nd4 13. Qf2 b5 14. f5 b4 15. Nd5 e6 16. f6 Nxf6 17. Bxd4 Nxg4 18. Bxg7 Nxf2 19. Bf6 exd5 20. Bxd8 Nxh3+ 21. Bxh3 Rfxd8 22. exd5 {½-½ (51) Jarvinen,R (2149)-Radovanovic,J (2320) Berlin 2011}) 13. Rab1 Nd4 14. Qd1 b4 {Die Stellung ist ausgeglichen.} 15. Ne2 Qa5 $146 ({Vorgänger:} 15... Nxe2+ 16. Qxe2 Qa5 17. g5 Qxa2 18. Ra1 Qxb2 19. Rxa7 Rfd8 {0-1 (40) Klein,P (2027)-Cech,D (2106) Slovakia 2013}) 16. Bxd4 (16. Nc1 {keeps more tension.} Qc7 17. h4 a5 18. Ne2 a4 19. g5) 16... cxd4 17. Ra1 e5 18. f5 (18. a3 $11) 18... Bh6 $17 19. a3 Be3+ 20. Kh1 Qc7 21. axb4 Rxb4 22. c3 $2 (22. b3 $17 {war nötig.}) 22... Rxb2 $19 23. cxd4 exd4 24. Nf4 {[#]} Bxf4 $1 25. Rxf4 Ne5 26. Rc1 Qa5 27. Bf1 $2 (27. fxg6 hxg6 28. Bf1) 27... g5 28. Rf3 Nxf3 29. Qxf3 Qd2 {Precision: Weiß = 25%, Schwarz = 94%.} 0-1

[Event "27th Keres Memorial 2018"]
[Site "Tallinn"]
[Date "2018.01.13"]
[Round "1.2"]
[White "Alekseev, Evgeny"]
[Black "Nakhodkin, Gennadiy"]
[Result "1-0"]
[WhiteElo "2697"]
[BlackElo "1921"]
[Annotator "TA"]
[PlyCount "52"]
[EventDate "2018.??.??"]
[EventType "swiss"]
[EventCountry "EST"]
[SourceTitle "playchess.com"]
[Source "ChessBase"]
[SourceQuality "1"]

{[%evp 10,52,46,35,49,26,26,15,18,27,27,27,92,74,124,120,174,183,184,96,106,106,115,102,101,101,118,112,118,121,274,145,136,152,164,153,279,279,275,305,2303,849,29996,29997,29999]} 1. Nf3 g6 2. e4 d6 3. d4 Bg7 4. Bd3 Nf6 5. O-O O-O 6. Re1 c5 {B07: Pirc Defence: Miscellaneous Systems} (6... Nc6 7. d5 Nb8 8. h3 Nbd7 9. c4 Nc5 10. Bc2 a5 11. Nc3 e5 12. Bg5 Qe8 13. Nb5 Qe7 14. b3 {1-0 (46) Grischuk,A (2750)-Carlsen,M (2832) chess.com INT 2017}) 7. dxc5 dxc5 8. e5 Nd5 {The position is equal.} 9. Be4 Nc7 10. Nc3 $146 ({Predecessor:} 10. Qe2 Nc6 11. Bxc6 bxc6 12. Nbd2 Ne6 13. Nb3 a5 14. Be3 {0-1 (44) Todorov,T (2480)-Zaragatski,I (2499) Belgium 2013}) 10... Qe8 (10... Qxd1 $11 11. Rxd1 Ne6) 11. Be3 {[%cal Bc1e3,Be3c5,Bc5a3,Ba3b2][%mdl 32]} Nc6 12. Bxc5 Nxe5 (12... Bg4 $16) 13. Nxe5 $18 Bxe5 {[#]} 14. Bf3 (14. Bxg6 $1 $18 {[%mdl 512]} hxg6 (14... fxg6 15. Rxe5) 15. Rxe5) 14... Bxc3 15. bxc3 Ne6 16. Ba3 Rb8 17. c4 b6 18. Bd5 {Strongly threatening Qe2.} Nc5 19. Bb2 {[#] Qd4 would kill now.} Nd7 $2 (19... e6 $16 {was necessary.}) 20. Qd4 ({Better is} 20. Qf3 $18) 20... e5 $16 21. Qe4 $36 {[%mdl 2048] White is really pushing.} Qe7 22. f4 ({But not} 22. Bxe5 $6 Nxe5 23. Qxe5 Qxe5 $14) 22... Qb4 (22... Bb7 $16 {was worth a try.}) 23. Rab1 $18 Qc5+ 24. Kh1 exf4 $2 (24... Qc7 25. Qe3 (25. fxe5 Nc5 $16) 25... Qc5) 25. Qf3 (25. Qxf4 $142 Qxd5 26. cxd5) 25... Ba6 26. Qc3 {[%csl Gb2][%cal Rc3h8]} Ra8 {Precision: White = 55%, Black = 32%.} 1-0

[Event "27th Keres Memorial 2018"]
[Site "Tallinn"]
[Date "2018.01.13"]
[Round "1.3"]
[White "Jarvet, Juri"]
[Black "Fridman, Daniel"]
[Result "0-1"]
[WhiteElo "1914"]
[BlackElo "2671"]
[Annotator "TA"]
[PlyCount "58"]
[EventDate "2018.??.??"]
[EventType "swiss"]
[EventCountry "EST"]
[SourceTitle "playchess.com"]
[Source "ChessBase"]
[SourceQuality "1"]

{[%evp 13,58,0,0,-2,0,0,6,0,7,-29,-39,-107,-102,-147,-83,-87,-84,-61,-96,-106,-97,-363,-324,-329,-260,-243,-161,-312,-313,-336,-289,-341,-341,-339,-344,-588,-575,-583,-581,-581,-571,-554,-544,-29983,-29983,-29998,-29999]} 1. c4 e6 2. Nc3 d5 3. d4 Nf6 4. Nf3 c6 5. e3 a6 6. a4 c5 7. cxd5 exd5 {LiveBook: 42 Partien. D15: Damengambit (Slawische Verteidigung)} 8. Bd3 Nc6 9. O-O Bg4 {[%cal Bc8g4,Bg4h5,Bh5g6][%mdl 32] Die Stellung ist ausgeglichen.} 10. h3 $146 ({Vorgänger:} 10. dxc5 Bxc5 11. Be2 O-O 12. Nd4 Bd7 13. Bf3 Nb4 14. b3 Rc8 15. Bb2 Bxd4 16. exd4 {½-½ (49) Malyshev,R (2159)-Fridman,D (2596) Tallinn 2016}) 10... Bh5 11. g4 Bg6 12. Ne2 ({Lieber} 12. dxc5 $15 Bxc5 13. b3) 12... c4 13. Bb1 {[#]} Bd6 (13... Bxb1 $142 $1 14. Rxb1 h5) 14. b3 $17 b5 15. axb5 axb5 16. Rxa8 Qxa8 17. Ne5 $2 {[%mdl 8192]} (17. Bxg6 $17 {ist wohl besser.} hxg6 18. Ng5) 17... Bxb1 $19 18. Nc3 Bg6 ({Bloß nicht} 18... Nxe5 19. dxe5 Bxe5 20. Nxb1 $19) 19. Nxb5 Qb8 20. bxc4 $2 (20. Nxd6+ Qxd6 21. bxc4) 20... Bxe5 ({Nicht} 20... Nxe5 21. Nxd6+ Qxd6 22. dxe5 $15) 21. dxe5 Nxe5 {Droht stark ...Ld3.} 22. Ba3 {[#] Droht Ld6 und aus.} Nxc4 23. Qa4 {Schwarz muss nun Sd6+ beachten.} Nxa3 24. Qxa3 $2 (24. Na7+ {ist eine bessere Verteidigung.} Nb5 25. Qxb5+ Qxb5 26. Nxb5) 24... Qxb5 25. Qa8+ Ke7 26. Qxh8 Ne8 27. Ra1 Qb8 28. f4 Be4 29. f5 Qg3+ {Precision: Weiß = 28%, Schwarz = 88%.} 0-1

[Event "27th Keres Memorial 2018"]
[Site "Tallinn"]
[Date "2018.01.13"]
[Round "1.4"]
[White "Meier, Georg"]
[Black "Obolonin, Filipp"]
[Result "1-0"]
[WhiteElo "2660"]
[BlackElo "1903"]
[Annotator "TA"]
[PlyCount "121"]
[EventDate "2018.??.??"]
[EventType "swiss"]
[EventCountry "EST"]
[SourceTitle "playchess.com"]
[Source "ChessBase"]
[SourceQuality "1"]

{[%evp 18,121,16,25,30,26,29,25,23,25,31,27,27,22,22,5,37,31,42,50,44,44,65,16,52,50,80,58,91,40,48,36,46,0,49,27,54,31,74,43,54,20,44,25,23,0,0,10,7,10,7,7,43,36,45,43,43,52,142,91,83,0,87,72,80,69,91,64,95,100,108,107,198,198,198,198,190,193,242,253,247,97,246,233,276,280,270,240,263,208,202,211,300,235,344,307,589,561,564,561,1099,1090,1295,1154,29978,29979]} 1. Nf3 d5 2. g3 Nf6 3. Bg2 Bf5 4. O-O c6 5. c4 e6 6. cxd5 cxd5 7. Qb3 {A11: English Opening: 1...c6} Qb6 8. Qxb6 axb6 9. Nc3 Be7 10. d3 {LiveBook: 6 Games} O-O 11. Nh4 Bg6 12. Nxg6 hxg6 13. Be3 Bc5 14. Bd2 {[%cal Be3d2,Bd2e1,Be1c3][%mdl 32]} Nc6 {[#]} 15. Rfd1 $146 ({Predecessor:} 15. Rfc1 Ng4 {1-0 (48) Meier,G (2630)-Adu,O (2288) chess.com INT 2017}) 15... Rfd8 16. Be1 Bd4 17. a3 b5 18. e3 Bxc3 $1 19. Bxc3 Ra4 20. b4 Rda8 21. Bb2 R4a7 22. Bf1 Ra6 23. Be2 (23. Rdc1 $16) 23... Nd7 $14 24. Rdb1 Nb6 25. Bc1 Nd7 26. h4 Na7 27. Kf1 Rc6 28. Bb2 Nb6 29. Ke1 Na4 30. Bd4 Ra6 31. Ra2 Nc6 32. Ba1 Nb6 33. Rb3 Ra4 34. Bc3 e5 35. Bd2 d4 36. Bf3 Nc8 37. Rc2 N8e7 (37... dxe3 $14 38. Bxe3 R4a6) 38. Bc1 ({White should play} 38. Rc5) 38... R4a6 $16 39. Ke2 (39. Rc5 $16) 39... Kf8 (39... dxe3 $1 $11 {remains equal.} 40. fxe3 Nf5) 40. Rc5 Rb6 41. Be4 Ke8 42. Rb1 Kd7 43. Bb2 dxe3 44. fxe3 f5 (44... f6 $16 45. d4 exd4) 45. Bg2 Ke6 46. Rbc1 Rd8 47. Bf3 Nd5 48. Bxd5+ Rxd5 49. e4 (49. Rxd5 $18 Kxd5 50. Rc5+ Ke6 51. Kf2) 49... Rxc5 (49... Rd8 $16 {was necessary.}) 50. Rxc5 {[%mdl 4096] Endgame KRB-KRN} ({Stronger than} 50. bxc5 Ra6 $11) 50... Kd6 51. Ke3 Ke6 52. Kf3 Kd6 53. g4 Ke6 54. Rd5 f4 (54... Ra6 $142 55. Rc5 (55. Rxb5 Rxa3 56. Bxa3 Nd4+ 57. Ke3 Nxb5 $11) 55... Ra8) 55. d4 exd4 (55... Ke7 $142 56. dxe5 Nd8 57. Kxf4 Ne6+ 58. Ke3 Nc7) 56. Kxf4 Ne7 $2 {[#]} (56... Ra6 {was called for.} 57. Rxb5 Ra7) 57. Bxd4 $18 Ra6 58. Rxb5 Rxa3 59. Rb6+ Kf7 60. Rxb7 Rh3 61. Bc5 {Precision: White = 50%, Black = 34%.} 1-0

[Event "27th Keres Memorial 2018"]
[Site "Tallinn"]
[Date "2018.01.13"]
[Round "1.6"]
[White "Kovalev, Vladislav"]
[Black "Viikmaa, Karmen"]
[Result "1-0"]
[WhiteElo "2642"]
[BlackElo "1898"]
[Annotator "TA"]
[PlyCount "23"]
[EventDate "2018.??.??"]
[EventType "swiss"]
[EventCountry "EST"]
[SourceTitle "playchess.com"]
[Source "ChessBase"]
[SourceQuality "1"]

{[%evp 9,22,36,133,133,133,133,133,123,122,95,101,98,147,90,29999]} 1. d4 Nf6 2. Bf4 g6 3. Nc3 Bg7 4. e4 {[%cal Be2e4,Be4e5][%mdl 32]} d6 5. Qd2 c5 (5... O-O $14) (5... c6 6. Nf3 b5 7. a3 Nbd7 8. Bh6 Bxh6 9. Qxh6 Qa5 10. b4 Qc7 11. Bd3 e5 12. h3 a5 13. O-O Bb7 14. Rfe1 Qb6 15. dxe5 dxe5 {0-1 (64) Jumabayev,R (2612)-Amin,B (2689) Riadh 2017}) 6. dxc5 $16 {B07: Pirc Defence: Miscellaneous Systems} dxc5 7. Qxd8+ Kxd8 8. O-O-O+ {White is clearly better.} Ke8 $146 ({Predecessor:} 8... Nfd7 9. Nd5 e5 10. Bg5+ f6 11. Bxf6+ Nxf6 12. Nxf6+ Ke7 13. Nd5+ Kd6 14. Nb6+ {1-0 (14) Hof,H (1744)-Mueller,D (1467) Binz 2012}) 9. e5 $40 {[%mdl 128] Black is in trouble.} Nh5 10. Nd5 {Threatening mate with Nc7+.} Kf8 11. Nc7 (11. Bg5 $142 Nc6 {[#]} 12. Nxe7 $1 {[%mdl 512]} Bxe5 13. Nf3 Bf4+ 14. Bxf4 Nxf4 15. Nxc8 Rxc8 16. Rd7) 11... Nxf4 $4 {[%mdl 8192] [#]} (11... Nc6 $16) 12. Rd8# 1-0

[Event "27th Keres Memorial 2018"]
[Site "Tallinn"]
[Date "2018.01.13"]
[Round "1.7"]
[White "Uibokant, Mathias Robert"]
[Black "Turov, Maxim"]
[Result "0-1"]
[WhiteElo "1897"]
[BlackElo "2640"]
[Annotator "TA"]
[PlyCount "76"]
[EventDate "2018.??.??"]
[EventType "swiss"]
[EventCountry "EST"]
[SourceTitle "playchess.com"]
[Source "ChessBase"]
[SourceQuality "1"]

{[%evp 16,76,-2,-2,-2,0,-2,-19,5,-85,-78,-155,-162,-195,-191,-192,-185,-208,-201,-347,-340,-348,-334,-383,-363,-530,-550,-549,-532,-525,-541,-527,-460,-627,-455,-542,-529,-519,-542,-552,-546,-635,-634,-641,-647,-747,-748,-737,-747,-744,-735,-896,-884,-827,-515,-510,-500,-496,-483,-554,-489,-549,-543]} 1. Nf3 Nf6 2. g3 g6 3. Bg2 Bg7 4. O-O O-O 5. d3 d5 6. Nbd2 d4 7. Nb3 {A07: Réti Opening: New York and Capablanca Systems} Nc6 8. e3 (8. c3 dxc3 9. bxc3 Nd5 10. c4 Ndb4 11. Bd2 a5 12. a3 Na6 13. Rb1 a4 14. Nc1 Nc5 {½-½ (77) Karjakin,S (2760)-Nepomniachtchi,I (2720) Moscow 2010}) 8... dxe3 9. Bxe3 {LiveBook: 3 Games. The position is equal.} Nd5 10. Bc1 a5 {[%cal Ba7a5,Ba5b4][%mdl 32]} 11. a4 Ndb4 12. d4 $146 {[#]} (12. Ne1 $11) ({Predecessor:} 12. Re1 e5 13. Bg5 Qd6 14. Nfd2 f6 {1-0 (60) Stiller,J (2160)-Saathoff,R (2116) Postbauer 2007}) 12... Bf5 $1 $17 {[%cal Bc8f5,Bf5c2,Bc2b3,Bb3d5][%mdl 32]} 13. c3 ({Better is} 13. Ne1) 13... Bc2 14. Qd2 {Black must now prevent Nc5.} Bxb3 15. cxb4 axb4 16. a5 Bd5 17. a6 (17. Rd1 $142) 17... Rxa6 $19 ({But not} 17... bxa6 18. Rd1 $19) 18. Rxa6 bxa6 19. Re1 e6 20. Ne5 (20. Qd3 $142) 20... Bxg2 {Black is clearly winning.} 21. Kxg2 Qd5+ 22. f3 {If White can now play Nxc6 this consolidates a bit.} Nxd4 23. Qf4 c5 {[%cal Bc7c5,Bc5c4][%mdl 32]} 24. Ng4 Qf5 25. Qe4 Qxe4 26. fxe4 Rc8 27. e5 c4 28. Re4 Nb3 29. Bf4 a5 30. Ne3 c3 31. bxc3 Rxc3 32. Nc4 h6 33. h4 Nc5 34. Rd4 Rd3 35. Rxd3 Nxd3 36. Nxa5 Nxe5 37. Nb3 Nc6 38. Kf2 Nd4 {Precision: White = 29%, Black = 87%.} 0-1

[Event "27th Keres Memorial 2018"]
[Site "Tallinn"]
[Date "2018.01.13"]
[Round "1.8"]
[White "Chigaev, Maksim"]
[Black "Laigna, Marko"]
[Result "1-0"]
[WhiteElo "2639"]
[BlackElo "1866"]
[Annotator "TA"]
[PlyCount "81"]
[EventDate "2018.??.??"]
[EventType "swiss"]
[EventCountry "EST"]
[SourceTitle "playchess.com"]
[Source "ChessBase"]
[SourceQuality "1"]

{[%evp 16,81,24,6,21,15,23,17,35,3,13,6,16,10,50,40,61,60,50,40,49,28,23,0,39,41,89,94,133,129,327,320,297,215,291,279,421,405,401,359,541,552,557,549,602,502,681,240,248,251,235,239,293,283,354,343,347,337,358,355,375,375,433,442,1460,1551,2135,2135]} 1. e4 e5 2. Bc4 Nf6 3. d3 Bc5 4. Nf3 Nc6 5. c3 O-O 6. O-O d6 7. a4 a5 8. h3 {C54: Giuoco Piano: 4 c3 Nf6, main lines with 5 d4 and 5 d3} h6 9. Na3 {LiveBook: 6 Games} Bxa3 $146 ({Predecessor:} 9... Ba7 10. Nb5 Bb6 11. Re1 Ne7 12. d4 exd4 13. Nbxd4 Ng6 14. Bb3 {0-1 (36) Nepomniachtchi,I (2751)-Karjakin,S (2783) chess.com INT 2017}) 10. Rxa3 {The position is equal.} Qe7 11. Re1 Be6 12. Bxe6 Qxe6 13. d4 exd4 14. Nxd4 Nxd4 (14... Qd7 {is more complex.} 15. f3 Rfe8 16. Rb3 b6 17. Rb5 Ne5) 15. cxd4 Rfe8 16. Rae3 Qd7 17. b3 c6 18. Bb2 d5 {[%cal Rd5e4]} 19. f3 {[%cal Bf2f3,Bf3f4,Bf4f5][%mdl 32]} Re6 20. e5 Nh7 21. f4 Rg6 22. Qd3 Nf8 $2 {[#]} (22... Re6 $16) 23. f5 $18 Rg5 24. Rf3 Re8 25. Bc1 Rh5 (25... Nh7 {might work better.} 26. g4 h5) 26. g4 Rh4 27. Rff1 Nh7 (27... Qe7 $142 28. Bd2 Qd8) 28. Qg3 Qd8 {Now ...Ng5 and Black clings on.} 29. e6 Ng5 30. e7 Nxh3+ 31. Qxh3 $2 {[#]} (31. Kh1 Nf2+ 32. Kg2 Rxe7 33. Qxh4) 31... Rxh3 32. exd8=Q ({Don't take} 32. exd8=B $6 Rxd8 33. Re3 Rh4) 32... Rxd8 33. Re3 Rxe3 34. Bxe3 {[%mdl 4096] Endgame KRB-KR} f6 35. Kf2 Kf7 36. Kf3 Rc8 37. Bd2 b6 38. Re1 c5 39. dxc5 {White is clearly winning.} Rxc5 (39... bxc5 $142 40. Rc1 c4 41. Bxa5 Ra8) 40. Rc1 Rxc1 41. Bxc1 {Precision: White = 72%, Black = 35%.} 1-0

[Event "27th Keres Memorial 2018"]
[Site "Tallinn"]
[Date "2018.01.13"]
[Round "1.9"]
[White "Ruus, Rein"]
[Black "Neiksans, Arturs"]
[Result "0-1"]
[WhiteElo "1850"]
[BlackElo "2590"]
[Annotator "TA"]
[PlyCount "32"]
[EventDate "2018.??.??"]
[EventType "swiss"]
[EventCountry "EST"]
[SourceTitle "playchess.com"]
[Source "ChessBase"]
[SourceQuality "1"]

{[%evp 9,31,-49,-29,-44,-47,-122,-79,-72,-73,-80,-71,-235,-234,-233,-231,-231,-249,-327,-175,-724,-736,-1181,-637,-29999]} 1. e4 c5 2. Ne2 Nc6 {[%cal Bb8c6,Bc6b4,Bb4d3][%mdl 32]} 3. g3 d5 4. d3 {[%cal Bd2d3,Bd3e4][%mdl 32]} dxe4 5. dxe4 Qxd1+ 6. Kxd1 {B20: Sizilianisch} Bg4 7. Ke1 $146 (7. Be3 $15) ({Vorgänger:} 7. Be3 O-O-O+ 8. Kc1 Nf6 9. Nd2 e5 10. Nc3 Nd4 11. h3 Be6 {½-½ (26) Radivojevic,I (2363)-Kovacevic,A (2568) Valjevo 2011}) 7... Nb4 8. Na3 {Schwarz steht besser.} Bf3 9. Rg1 Bxe4 10. c3 $2 (10. Nc3 $17 Bxc2 11. Bb5+ Kd8 12. Nc4) 10... Nd3+ $19 11. Kd2 O-O-O 12. Ke3 Nf6 {[#] Droht stark ...Se5.} 13. f3 Bg6 (13... Nd5+ $142 14. Kd2 (14. Kxe4 {ist ein Selbstmatt.} Nf2+ 15. Kf5 e6+ 16. Kg5 h6+ 17. Kh5 g6+ 18. Kh4 Be7+ 19. Bg5 hxg5#) 14... Bg6) 14. f4 $2 (14. Nf4 Nxf4 15. gxf4) 14... Ng4+ 15. Kd2 Nxb2+ 16. Ke1 Rd1# {Precision: Weiß = 22%, Schwarz = 43%.} 0-1

[Event "27th Keres Memorial 2018"]
[Site "Tallinn"]
[Date "2018.01.13"]
[Round "1.10"]
[White "Meskovs, Nikita"]
[Black "Vaino, Nikita"]
[Result "1-0"]
[WhiteElo "2577"]
[BlackElo "1842"]
[Annotator "TA"]
[PlyCount "45"]
[EventDate "2018.??.??"]
[EventType "swiss"]
[EventCountry "EST"]
[SourceTitle "playchess.com"]
[Source "ChessBase"]
[SourceQuality "1"]

{[%evp 9,45,20,17,0,20,10,36,40,90,90,94,85,87,81,120,102,119,75,88,76,215,89,78,56,345,331,336,318,1271,544,2505,1210,29993,675,29993,891,29993,1606]} 1. Nf3 d5 2. g3 e6 3. Bg2 Nf6 4. O-O Bd6 5. d3 {[%cal Bd2d3,Bd3e4,Be4e5][%mdl 32]} O-O {LiveBook: 15 Games} 6. Nc3 {A07: Réti Opening: New York and Capablanca Systems} (6. Nbd2 c6 7. e4 Nbd7 8. Qe2 e5 9. Nh4 Re8 10. Nf5 Bf8 11. h3 g6 12. Ne3 Nb6 13. Rd1 Bg7 {½-½ (62) Laznicka,V (2674)-Plat,V (2483) Prague 2012}) 6... Nbd7 7. e4 dxe4 8. dxe4 {White is slightly better.} Bb4 9. e5 $1 {[%cal Re5f6]} Bxc3 10. bxc3 Nd5 11. c4 $146 ({Find the theoretical novelty and annotate with similar games:} 11. Ba3 Re8 12. Qe1 c5 13. Nd2 Rb8 {1-0 (41) Palombi,R-Siveri,A Milan 1968}) 11... N5b6 12. Ba3 $36 {[%mdl 2048] Black is under strong pressure.} Re8 13. Qd4 Nf8 14. Qe4 Qd7 (14... Bd7 $16) 15. Bxf8 (15. Rfd1 $18 {is more deadly.} Qc6 16. Qxc6 bxc6 17. Nd4) 15... Rxf8 $16 16. Ng5 {[%csl Gg5][%cal Re4h7]} (16. a4 $5 Qe7 17. a5 $16) 16... g6 $2 {[%mdl 8192]} ({Black should play} 16... f5 $14 17. exf6 gxf6) 17. Qh4 $1 $18 {[%csl Gg5][%cal Rh4h7]} h5 18. Ne4 Qa4 $2 (18... f5) 19. c5 (19. Nf6+ $142 Kg7 20. Nxh5+ $1 {[%mdl 512]} gxh5 21. Qg5+ Kh8 22. Be4) 19... Nc4 20. Rfd1 (20. Nf6+ $142 Kg7 21. Rfe1) 20... Qa6 21. Bf1 (21. Nf6+ $142 Kg7 22. Nxh5+ $1 {[%mdl 512]} gxh5 23. Qg5+ Kh8 24. Qxh5+ Kg8 25. Qg5+ Kh7 26. Rd4 Kh8 27. Rh4#) 21... b5 22. cxb6 (22. Nf6+ $142 Kg7 {[#]} 23. Nxh5+ $1 {[%mdl 512]} gxh5 24. Qg5+ Kh8 25. Qxh5+ Kg8 26. Qg5+ Kh7 27. Rd4 Kh8 28. Rh4#) 22... axb6 23. Bxc4 {Precision: White = 32%, Black = 15%.} (23. Nf6+ $142 Kg7 24. Bxc4 Qxc4 25. Qxc4 Ra7 26. Qf4 c5 27. a4 Ba6 28. Nd7) 1-0

[Event "27th Keres Memorial 2018"]
[Site "Tallinn"]
[Date "2018.01.13"]
[Round "2"]
[White "Kovalenko, Igor"]
[Black "Nestor, Kaarel"]
[Result "1-0"]
[WhiteElo "2713"]
[BlackElo "2206"]
[Annotator "TA"]
[PlyCount "89"]
[EventDate "2018.??.??"]
[EventType "swiss"]
[EventCountry "EST"]
[SourceTitle "playchess.com"]
[Source "ChessBase"]
[SourceQuality "1"]

{[%evp 12,89,37,21,64,83,61,69,64,61,93,43,37,35,63,55,56,61,220,121,216,69,271,256,272,164,333,97,89,92,210,210,316,306,372,373,373,340,341,291,518,515,472,479,471,417,466,457,443,435,1202,1156,1072,894,894,411,613,600,589,576,563,512,1321,1341,29989,29990,29996,29994,29994,29993,29993,29992,29992,29993,29993,29994,29995,29995,29995,29995]} 1. e4 e6 2. d4 d5 3. Nd2 dxe4 4. Nxe4 Nd7 5. Nf3 Ngf6 6. Bd3 c5 7. O-O Qb6 $146 {C10: French with 3 Nc3: Unusual Black 3rd moves and 3...dxe4} ({Predecessor:} 7... Nxe4 8. Bxe4 Nf6 9. Bg5 cxd4 10. Qe2 Qb6 11. Bxf6 gxf6 12. Rad1 Bg7 13. Nxd4 O-O 14. c3 Bd7 15. Bb1 Rad8 16. g4 Rfe8 17. Rd3 {1-0 (44) Karjakin,S (2783)-Meier,G (2630) chess.com INT 2017}) 8. dxc5 Nxc5 9. Nxf6+ gxf6 {White is slightly better.} 10. Be3 Be7 11. b4 Qxb4 12. Rb1 Qg4 13. Bb5+ {[%mdl 1024] White has compensation.} Nd7 14. h3 $36 {[%mdl 2048] Black is under pressure.} Qf5 $2 (14... Qh5 $1 $14) 15. Nd4 (15. Bxd7+ Bxd7 16. Rxb7 Bc8 $11) (15. c4 $1 $18) 15... Qg6 (15... Qe4 $16 {was necessary.}) 16. Re1 (16. Nc6 $1 $18 {[%cal Rc6e7]} bxc6 17. Bxc6) 16... Rg8 $2 (16... a6 $14 17. Bxd7+ Bxd7) 17. g3 $18 Bd6 18. Kf1 {Hoping for Nxe6!} Bxg3 $2 {[#]} (18... Be5) 19. fxg3 $2 (19. Bd3 $1 $18 {[%cal Rd3g6]} f5 20. Nxf5 (20. fxg3 Qxg3 21. Qf3 Qxf3+ 22. Nxf3 b6 $18) 20... exf5 21. Bf4+ (21. fxg3 Kf8 $18) 21... Kf8 22. fxg3) 19... Qxg3 $16 {[%csl Gg8][%cal Rg3g2]} 20. Qf3 Qxf3+ (20... a6 $16 {keeps fighting.} 21. Qxg3 Rxg3) 21. Nxf3 $18 Rg3 (21... a6 {is a better defense.}) 22. Kf2 Rxh3 23. Rg1 Rh5 24. Rg8+ Ke7 25. c4 {[%cal Bc2c4,Bc4c5,Bc5c6][%mdl 32]} a6 $2 (25... b6 26. Rd1 Rxb5 27. cxb5 Bb7) 26. Bxd7 $1 Kxd7 27. Rd1+ Kc7 28. c5 Rd5 29. Rxd5 exd5 30. Nd4 b6 (30... Kd7 $142 31. Bf4 a5) 31. Bf4+ Kb7 32. c6+ Ka7 33. Rg7 (33. a4 $142 Bb7 34. Rg7) 33... b5 34. Bc7 a5 35. Rxf7 Ka6 36. a3 {[%cal Ba2a3,Ba3a4][%mdl 32]} h5 (36... a4 $142 37. Rf8 Bb7 38. Rxf6 Bc8) 37. Nb3 {Intending Bd8 and mate.} b4 {[#]} 38. a4 $1 {White mates.} h4 39. Nc5+ Ka7 40. Bd8+ Kb8 41. Bxf6 {[%cal Rf6e5]} Ra7 42. Be5+ Ka8 43. Rf8 {[%cal Rf8c8]} Rh7 44. Rxc8+ Ka7 45. c7 {Precision: White = 58%, Black = 17%.} 1-0

[Event "27th Keres Memorial 2018"]
[Site "Tallinn"]
[Date "2018.01.13"]
[Round "2"]
[White "Fridman, Daniel"]
[Black "Narva, Mai"]
[Result "1-0"]
[WhiteElo "2671"]
[BlackElo "2184"]
[Annotator "TA"]
[PlyCount "55"]
[EventDate "2018.??.??"]
[EventType "swiss"]
[EventCountry "EST"]
[SourceTitle "playchess.com"]
[Source "ChessBase"]
[SourceQuality "1"]

{[%evp 21,55,14,33,23,50,37,172,172,185,158,165,184,166,181,168,164,170,107,310,272,280,277,270,259,267,271,319,337,395,406,395,403,429,385,456,372]} 1. Nf3 d5 2. c4 e6 3. g3 Nf6 4. Bg2 Be7 5. O-O O-O 6. d4 c5 7. cxd5 exd5 8. Nc3 Nc6 9. dxc5 Bxc5 10. Na4 Be7 11. Be3 Be6 12. Rc1 {D34: Tarrasch Defence: 6 g3 Nf6 7 Bg2 Be7} Rc8 (12... Re8 13. Bc5 Ne4 14. Bxe7 Qxe7 15. Qb3 Rad8 16. Qe3 Qb4 17. b3 h6 18. Rfd1 Qa3 19. Rc2 Bf5 20. Qc1 Qe7 21. Nd4 Nxd4 22. Rxd4 Nxf2 23. Rc7 Qxe2 24. Rf4 Nh3+ 25. Kh1 Nxf4 {0-1 (25) Mozharov,M (2573)-Zvjaginsev,V (2660) Moscow 2015}) 13. Nc5 b6 (13... Bxc5 $1 $14 14. Bxc5 Re8) 14. Nxe6 $18 {White is clearly better.} fxe6 15. Bh3 Qd7 16. Ng5 Nd8 17. Rxc8 Qxc8 18. Qa4 $36 {[%mdl 2048] Black is under strong pressure.} h6 {[#]} 19. Qxa7 $146 ({White should play} 19. Rc1 $1 $18 {[%cal Rc1c8]} Bc5 20. b4 hxg5 21. bxc5) ({Find the theoretical novelty and annotate with similar games:} 19. Rc1 Bc5 {1-0 (42) Chi,P (2166)-Luce,E (1989) Colonie 2015}) 19... Nc6 $2 {[#]} (19... Bc5 $16) 20. Qxe7 $1 {[%mdl 512]} Nxe7 21. Bxe6+ Kh8 22. Bxc8 Rxc8 23. Nf3 ({Less strong is} 23. Bxb6 hxg5 24. a4 Rc2 $16) 23... Rc2 24. Rb1 ({But not} 24. Bxb6 $6 Rxb2 25. Bd8 Rxe2 $18) 24... Nc6 25. Ne1 Rc4 26. Bxb6 d4 {If only Black now had time for ...Nd5....} 27. e3 Nd7 28. Bxd4 {Precision: White = 76%, Black = 12%.} 1-0